| 000 | 00618nam a22002057a 4500 | ||
|---|---|---|---|
| 003 | OSt | ||
| 005 | 20151028160817.0 | ||
| 008 | 130307t xxu||||| |||| 00| 0 eng d | ||
| 020 | _a0887275326 | ||
| 050 |
_aPL 1129 _b.Y25 2005 |
||
| 082 |
_aIB 495.182421 _bIn8 2005 |
||
| 100 | _aYao, Tao Chung | ||
| 245 |
_aIntegrated chinese = zhong wen ting shuo du xie : _bsimplified character edition. level 1, part 2 _cTao-chung Yao and Yuehea Liu |
||
| 250 | _aExpanded second edition | ||
| 260 |
_aBoston _bCheng & Tsui _cc2005 |
||
| 300 |
_a2 v. _bill. _c28 cm. |
||
| 562 | _e1 | ||
| 942 |
_2lcc _cBK |
||
| 999 |
_c2065 _d2065 |
||